Edinburgh Lothian Buses Termini (2025) - Statistics

General Stats
  • This quiz has been taken 192 times
    143 since last reset
  • The average score is 40 of 88
Answer Stats
Terminus % Correct
Airport
90%
Ocean Terminal
88%
Penicuik
77%
Royal Infirmary
77%
Edinburgh
75%
Portobello
74%
Granton
73%
Heriot-Watt Uni
73%
Newhaven
71%
Silverknowes
71%
Queensferry
68%
The Jewel
67%
Hunter's Tryst
66%
King's Buildings
66%
Musselburgh
66%
Seafield
66%
Bonaly
64%
Gyle Centre
64%
Queen Margaret Uni
64%
Clovenstone
63%
Fort Kinnaird
63%
Muirhouse
60%
Clermiston
59%
Easter Bush
59%
Mayfield
59%
North Berwick
59%
Balerno
58%
Hillend
58%
Torphin
58%
City Centre
55%
Hyvots Bank
55%
Bonnyrigg
53%
Hermiston Gait
53%
Cramond
52%
Dunbar
52%
Gorebridge
52%
Greendykes
52%
Livingston
52%
Seton Sands
52%
Wallyford
52%
Trinity
51%
Cammo
49%
Bathgate
48%
Granton Harbour
47%
Greenbank
47%
Haddington
47%
West Granton
47%
King's Road
45%
Western Harbour
45%
Tranent
44%
Clerwood
40%
East Craigs
40%
Haymarket
38%
Restalrig
38%
Western General Hospital
38%
Penicuik Ladywood
37%
Millerhill
36%
Polton Mill
36%
Penicuik Deanburn
34%
Eastfield
33%
Rosewell
32%
Westburn
32%
Whitburn
29%
The Calders
29%
Chesser
27%
Dalkeith Campus
27%
Pencaitland
27%
Kirkliston
27%
Lothian Road
27%
Winchburgh
27%
Whitecraig
26%
Port Seton
25%
Surgeons' Hall
25%
Westside Plaza
25%
St. John's Hospital
23%
North Berwick High School
22%
Frederick Street
21%
Hermiston Park and Ride
21%
Longniddry
21%
Ormiston
19%
Aberlady
18%
Fauldhouse
18%
Blackburn
15%
Gifford Circle
14%
Midlothian Community Hospital
12%
Preston Lodge High School
11%
Dechmont
10%
South Gyle
10%
No matching quizzes found
Score Distribution
Percent of People with Each Score
Percentile by Number Answered
Your Score History
You have not taken this quiz since the last reset